Wine /

Bibliographic Details
Main Author: Johnson, Hugh, 1939-
Format: Book
Language:English
Published: New York : Simon and Schuster, [1966]
Subjects:

MARC

Tag First Indicator Second Indicator Subfields
LEADER 00000cam a22000001 4500
001 in00001491321
005 20151021084555.0
008 740514s1966 nyubf 000 0 eng
010 |a  67008822  
019 |a 01459690 
035 |a (OCoLC)00993127 
035 |9 AJJ7480AM 
040 |a DLC  |c DLC  |d TXA  |d UtOrBLW 
049 |a TXAM 
050 0 0 |a TP548  |b .J65 1966b 
082 0 0 |a 663/.2 
090 |a TP548  |b .J65 1966 
100 1 |a Johnson, Hugh,  |d 1939- 
245 1 0 |a Wine /  |c Hugh Johnson ; With line drawings by Owen Wood. 
264 1 |a New York :  |b Simon and Schuster,  |c [1966] 
264 4 |c ©1966 
300 |a 264 pages :  |b color maps, color plates. ;  |c 28 cm. 
336 |a text  |b txt  |2 rdacontent 
337 |a unmediated  |b n  |2 rdamedia 
338 |a volume  |b nc  |2 rdacarrier 
536 |a This book is given through the estate of M. D. "Bert" Wheeler, College Station, Texas 1999. 
650 0 |a Wine and wine making. 
948 |a C:BLW  |d 20040815 
999 |a MARS 
999 f f |s 63f324d1-6d3d-3cd2-abbf-7f227aa9f604  |i 6288e683-be69-316d-aece-c91dd0bfeb49  |t 0 
952 f f |p ric  |a Texas A&M University  |b Rellis Campus  |c Joint Library Facility  |d Remote Storage  |t 0  |e TP548 .J65 1966  |h Library of Congress classification  |i unmediated -- volume  |m A14825096780 
998 f f |a TP548 .J65 1966  |t 0  |l Remote Storage